000 00845nam a2200217Ii 4500
003 JO-AjNU
008 230605s9999||||xx |||||||||||||| ||und||
020 _a1-56564-306-2
040 _aJO-AjNU
_bara
_erda
_cJO-AjNU
041 _aara
050 1 4 _aBP440.32.A28.A33 2011
100 3 _aأبو مؤنس، رائد نصري جميل,
_eauthor
_952535
245 0 0 _aمنهج التعليل بالحكمة وأثره في التشريع الإسلامي دراسة أصولية تحليلية
250 _aط2
264 3 1 _aفيرجينيا: المعهد العالمي للفكر الاسلامي، 2011
300 _a592ص
_bالمصادر والمراجع ص576-592
336 _atext
_btxt
_2rdacontent
337 _aunmediated
_bn
_2rdamedia
338 _avolume
_bnc
_2rdacarrier
650 4 _aاصول الفقه الاسلامي
_952536
999 _aA23278
_c26846
_d26846